000 00935cam a2200229 4500
001 ABS61487
008 000000n1999 000 0 eng u
035 _a(Sirsi) u102105
100 _aBrewer, G.
245 _aTendering and award of public works contracts
260 _c1999
490 _aContract Journal
_v401(6251) 10 November 1999, 28(1)
520 _aDiscusses the case "Harmon CFEM Facades (UK) Ltd v The Corporate Officer of the House of Commons" which dealt with the Public Works Contract Regulations 1991 and the awarding of a contract based on the most economically advantageous tender.
590 _aABS
650 _aHARMON CFEM FACADES (UK) LTD V THE CORPORATE OFFICER OF THE HOUSE OF COMMONS
650 _aProcurement-old
650 _aTENDERS
650 _aPUBLIC WORKS CONTRACT REGULATIONS 1991
650 _aPUBLIC WORKS CONTRACTS
690 _aBUILT ENVIRONMENT-BUILDING CONTRACT FORMS
942 _n0
999 _c61197
_d61197